<?xml version="1.0" encoding="UTF-8"?>
<record
    xmlns:xsi="http://www.w3.org/2001/XMLSchema-instance"
    xsi:schemaLocation="http://www.loc.gov/MARC21/slim http://www.loc.gov/standards/marcxml/schema/MARC21slim.xsd"
    xmlns="http://www.loc.gov/MARC21/slim">

  <leader>00710nab a2200205 uc4500</leader>
  <controlfield tag="001">716461</controlfield>
  <controlfield tag="005">20240201165503.0</controlfield>
  <controlfield tag="008">020130e20011001                    eng  </controlfield>
  <datafield tag="035" ind1=" " ind2=" ">
    <subfield code="a">716461</subfield>
  </datafield>
  <datafield tag="035" ind1=" " ind2=" ">
    <subfield code="a">(OCoLC)819930505</subfield>
  </datafield>
  <datafield tag="040" ind1=" " ind2=" ">
    <subfield code="c">comduadb</subfield>
  </datafield>
  <datafield tag="041" ind1=" " ind2=" ">
    <subfield code="a">eng</subfield>
  </datafield>
  <datafield tag="100" ind1="1" ind2="0">
    <subfield code="a">Sabogal Martinez, B. E.</subfield>
    <subfield code="4">aut</subfield>
    <subfield code="e">aut</subfield>
    <subfield code="9">351850</subfield>
  </datafield>
  <datafield tag="245" ind1="1" ind2="0">
    <subfield code="a">Membership in the region of the open cluster NGC 2244</subfield>
  </datafield>
  <datafield tag="650" ind1=" " ind2=" ">
    <subfield code="a">An&#xE1;lisis estad&#xED;stico</subfield>
    <subfield code="9">29295</subfield>
  </datafield>
  <datafield tag="650" ind1=" " ind2=" ">
    <subfield code="a">An&#xE1;lisis de Cl&#xFA;ster</subfield>
    <subfield code="9">55668</subfield>
  </datafield>
  <datafield tag="650" ind1=" " ind2=" ">
    <subfield code="a">C&#xFA;mulos abiertos de estrellas</subfield>
    <subfield code="9">56120</subfield>
  </datafield>
  <datafield tag="773" ind1="0" ind2=" ">
    <subfield code="t">Revista Mexicana de Astronom&#xED;a y Astrof&#xED;sica (M&#xE9;xico)</subfield>
    <subfield code="g">Volumen 37, N&#xFA;mero 02, Octubre 2001, p. 105-114</subfield>
    <subfield code="w">194862</subfield>
    <subfield code="x">0185-1101</subfield>
    <subfield code="0">85042</subfield>
  </datafield>
  <datafield tag="942" ind1=" " ind2=" ">
    <subfield code="c">ARIMP</subfield>
  </datafield>
  <datafield tag="999" ind1=" " ind2=" ">
    <subfield code="c">228618</subfield>
    <subfield code="d">228618</subfield>
  </datafield>
</record>
